It looks like you're offline.
Open Library logo
additional options menu

MARC record from Internet Archive

LEADER: 02018cam 2200565 a 4500
001 ocn320584385
003 OCoLC
005 20200915081556.0
008 090506s2009 onc j 000 f eng
007 ta
040 $aNLC$beng$cNLC$dVP@$dTOH$dUAB$dCDX$dB9B$dCNAHP$dOCLCF$dCNWLU$dNLC$dOCLCO$dOCLCQ
015 $a20099023687$2can
016 $a(AMICUS)000034858306
019 $a798229601
020 $a9781554683543
020 $a1554683548
035 $a(OCoLC)320584385$z(OCoLC)798229601
043 $ae-uk-en
050 4 $aPZ7.S628835$bH86 2009
055 02 $aPS8587*
055 0 $aPS8587 L343$bH85 2009
082 04 $ajC813/.54$222
084 $acci1icc$2lacc
084 $acoll6$2lacc
084 $acoll8$2lacc
100 1 $aSlade, Arthur,$d1967-
245 14 $aThe hunchback assignments /$cArthur Slade.
250 $a1st ed.
260 $aToronto :$bHarperCollins Canada,$c©2009.
300 $a275 pages ;$c23 cm
336 $atext$btxt$2rdacontent
337 $aunmediated$bn$2rdamedia
338 $avolume$bnc$2rdacarrier
520 $aIn Victorian London, fourteen-year-old Modo, a shape-changing hunchback, becomes a secret agent for the Permanent Association, which strives to protect the world from the evil machinations of the Clockwork Guild.
650 0 $aKyphosis$xPatients$vJuvenile fiction.
650 0 $aShapeshifting$vJuvenile fiction.
650 0 $aSpy stories.
651 0 $aLondon (England)$vJuvenile fiction.
650 1 $aFantasy.
650 7 $aKyphosis$xPatients.$2fast$0(OCoLC)fst00989575
650 7 $aShapeshifting.$2fast$0(OCoLC)fst01748560
650 7 $aSpy stories.$2fast$0(OCoLC)fst01131035
651 7 $aEngland$zLondon.$2fast$0(OCoLC)fst01204271
655 7 $aFiction.$2fast$0(OCoLC)fst01423787
655 7 $aJuvenile works.$2fast$0(OCoLC)fst01411637
938 $aCoutts Information Services$bCOUT$n10241400
029 0 $aNLC$b000034858306
029 1 $aCDX$b10241400
994 $aZ0$bP4A
948 $hNO HOLDINGS IN P4A - 67 OTHER HOLDINGS